SIGGRAPH video review. Issue 139, SIGGRAPH 2001. Animation theater program. Part 1

Συλλογή 28 αποσπασμάτων τα οποία παρουσιάζουν τις προηγμένες εξελίξεις στα κινούμενα σχέδια

Αποθηκεύτηκε σε:
Λεπτομέρειες βιβλιογραφικής εγγραφής
Συλλογικό Έργο: SIGGRAPH, Association for Computing Machinery
Μορφή: Διαφάνειες
Γλώσσα:English
Δημοσίευση: New York, N.Y. : ACM, [2001]
Θέματα:
Ετικέτες: Προσθήκη ετικέτας
Δεν υπάρχουν, Καταχωρήστε ετικέτα πρώτοι!

MARC

LEADER 00000 gm a2200000 i 4500
001 1/44352
008 070515s2001 us g eng d
035 |l 10087838 
040 |a GR-MY-UA  |b gre  |e aacr 
041 0 |a eng 
082 0 |a 776.6  |2 (22) 
110 2 |a SIGGRAPH. 
245 1 0 |a SIGGRAPH video review.  |n Issue 139,  |p SIGGRAPH 2001. Animation theater program.  |n Part 1  |h [μαγνητοσκόπηση] 
246 3 3 |a Animation theater program. Part 1 
246 3 3 |a SIGGRAPH 2001. Animation theater program. Part 1 
260 |a New York, N.Y. :   |b ACM,   |c [2001] 
300 |a 1 βιντεοδίσκος (π. 137 λεπτ.);  |b ομίλ., έγχρ.;  |c 4 3/4 ίν.+  |e 1 φυλλάδιο 
505 0 |a 1. When Wolfy met Helga / Mookie Weisbrod2. Puppet / Anzovin Studio3. Walk / Jeff Drew Pictures4. The moving pyramid / Industrial Light & Magic5. Lunch / De Anza College6. Trick or treats / SUPINFOCOM7. AP 2000 / SUPINFOCOM8. Le processus / SUPINFOCOM9. Serenade / Ringling School of Art & Design10. "SAE" (a bird) / Byung-Sue Kim11. Perestroika / Evileye Animation12. The big one that got away / Vancouver Film School13. L' enfant de la haute mer / SUPINFOCOM14. Ephemeral epiphany / School of Visual Arts15. Early light / Artek Images16. Ojo por Ojo / Arte y Parte17. Vel Satis en capital / Renault18. The wardrobe / Maria Lee19. Robbie Williams "Let love be your energy" / Passion Pictures20. Grandma / The School of the Art Institute of Chicago21. Silhouette / Tonya Noerr22. Platonic chain / ACiD inc.23. Pasta for war / Zach Schlappi24. Modeling & animation reel / Vancouver Film School25. L' autre temps / SUPINFOCOM26. Coca Cola "Clay dolls" / Centro Digital Pictures, Ltd.27. Harvey / Australian Film Television and Radio School28. Exit / Vancouver Film School 
520 |a Συλλογή 28 αποσπασμάτων τα οποία παρουσιάζουν τις προηγμένες εξελίξεις στα κινούμενα σχέδια 
650 0 0 |a Computer animation. 
650 0 0 |a Computer graphics. 
650 0 0 |a Animated films. 
650 0 0 |a Short films. 
710 2 |a Association for Computing Machinery. 
852 |a INST  |b SYROS  |c AV  |e 20070515  |h 776.6 SIG  |p 005500007371  |q 005500007371  |t DVD  |y 23 
901 |a BIBL5-2007-1 
909 |a Ε  |b 129682 
920 |a ΑΝΑΜΟΡΦΩΣΗ  |b ΕΠΕΑΕΚ ΙΙ-ΤΜΣΠΣ  |y ΣΥΡΟΣ  |z 2006-06 
970 |a ΚΟΝΤΟΥ  |b ΠΑΡΑΣΚΕΥΗ  |z 2007/07/15